000 01261nam2a22002651 4500
001 rc\4425349
005 20250612080925.0
021 _aRU
_b[58-2398]
021 _aRU
_b[58-2281]
035 _a(NLR Aleph) 008572382
090 _a8533691
_c8533691
100 _a20130416d1957 |||y0rusy50 ca
101 1 _arus
_cger
102 _aRU
105 _aa z |||||
200 1 _aТрактаты
210 _aЛенинград
_aМосква
_cИскусство
_d1957
215 _a254 с.
_cил.
320 _aБиблиогр. справочник: с. 240-241
461 0 _1001rc\4425347
_12001#$aДневники. Письма. Трактаты$f[Пер. с ранневерхненем., вступ. статья [с. 7-39] и коммент. Ц.Г. Нессельштраус]. Т. 1-2$vТ. 2
_1700#1$aДюрер$bА.$f1471-1528$gАльбрехт
_98533681
_aДюрер, А. (1471-1528)
_cЛенинград
_d1957
_f[Пер. с ранневерхненем., вступ. статья [с. 7-39] и коммент. Ц.Г. Нессельштраус]. Т. 1-2
_nИскусство
_p2 т.
_tДневники. Письма. Трактаты
_vТ. 2
801 0 _aRU
_bNLR
_gpsbo
801 1 _aRU
_bELAR
_2rusmarc
852 _aNLR
_j58-5/528
942 _cBOOK
980 _aNB